00691nam a22001817a 4500003000900000005001700009008004100026040003300067041000800100080001300108245013400121260004700255300002900302650013400331650001300465650001900478650001200497LK-CoDNM20241002115753.0241002b |||||||| |||| 00| 0 eng d aLK-CoDNMdLK-CoDNMeLK-CoDNM aeng a104bNN2 aAnnual progress report of the superintendent, Muhammadan and British monuments, North circle, For the year ending 31st March 1912 aUnited provincesbGovernment printerc1912 a73p. : ill , map ; 30 cm aAnnual progress report of the superintendent, Muhammadan and British monuments, North circle, For the year ending 31st March 1912 aNorthern aAnnual reports a104 NN2